000
00209 a2200097 4500
001
3707
100
_a
Pak Publi
245
_a
Report of law refrem commission
260
_a
_b
PAK PUBLI
_c
090
_c
2962
_d
2962
942
_a
NUST-CAE
_c
M
_c
21802
999
_c
238780
_d
238780